000
00213nam a2200109Ia 4500
100
_a
#N/A
942
_c
BK
245
_a
KNOPPIX 7.2.0; ZORIN OS 7 ;CINTOS 6.4
260
_b
#N/A
546
_a
ENGLISH
999
_c
34858
_d
34858